[Event "Aragon-chT Preferente Gr II"]
[Site "Aragon"]
[Date "2022.03.12"]
[Round "7.56"]
[White "Chine Infantes, Miguel Angel"]
[Black "Garcia Mendez, Beatriz"]
[Result "1-0"]
[WhiteElo "1811"]
[BlackElo "1692"]
[PlyCount "51"]
[EventDate "2022.01.29"]
[EventType "team-tourn"]
[EventRounds "9"]
[EventCountry "ESP"]
[SourceTitle "EXT 2024"]
[Source "ChessBase"]
[SourceDate "2023.10.10"]
[SourceVersion "1"]
[SourceVersionDate "2023.10.10"]
[SourceQuality "1"]
[WhiteTeam "Fraga"]
[BlackTeam "Marcos Frechin II"]
[WhiteTeamCountry "ESP"]
[BlackTeamCountry "ESP"]

1. e4 c5 2. Nf3 Nc6 3. Bc4 g6 4. Nc3 Bg7 5. d3 e6 6. Bg5 Nge7 7. 0-0 0-0 8. Qd2 a6 9. Bh6 Nd4 10. Nxd4 cxd4 11. Bxg7 Kxg7 12. Ne2 Nc6 13. f4 d5 14. Bb3 dxe4 15. dxe4 Qb6 16. Kh1 Rd8 17. Rad1 Qc5 18. Rf3 e5 19. f5 f6 20. Rh3 g5 21. Ng3 Qe7 22. Qe2 Bd7 23. Rxh7+ Kxh7 24. Qh5+ Kg7 25. Qg6+ Kf8 26. Qg8# 1-0